000 00341nam a22001457a 4500
008 240117b ||||| |||| 00| 0 eng d
020 _a9789951545273
041 _aShqip
080 _2Botimi i pare 2022
_a338
082 _a338
100 _a22
101 _aEKONOMI
245 _aEKONOMIKSI GJINOR
_cJOYCE P.JACOBSEN
942 _2udc
_cBK
999 _c60546
_d60546